|
|
|
|
| LEADER |
00000cam a2200000 a 4500 |
| 001 |
vtls008266700 |
| 003 |
SK-MaSNL |
| 005 |
20260302074108.0 |
| 008 |
240315s1986 xo 000 0 slo |
| 035 |
|
|
|a SVKPOKN078179
|
| 040 |
|
|
|a SNK
|b slo
|c SNK
|e AACR2
|
| 041 |
0 |
|
|a slo
|
| 044 |
|
|
|a xo
|c SK
|
| 080 |
|
|
|a 885.4-1
|2 1981
|
| 100 |
1 |
|
|a Koyš, Pavel,
|d 1932-1993
|4 aut
|9 74689
|
| 245 |
1 |
0 |
|a Moralizmy
|c Pavel Koyš ; ilustrácie Miroslav Bartoš
|
| 250 |
|
|
|a Prvé vydanie
|
| 260 |
|
|
|a Martin
|b Osveta
|c 1986
|
| 300 |
|
|
|a 99 strán
|
| 655 |
|
7 |
|a umelecká literatúra
|2 svkpo
|9 60405
|
| 700 |
1 |
|
|a Bartoš, Miroslav,
|d 1949-
|9 97749
|
| 852 |
|
|
|a Slovenská národná knižnica v Martine
|b 10000
|h SC 65835
|
| 999 |
|
|
|c 1163689
|d 1165619
|
| 952 |
|
|
|a SNK
|b SNK
|y VYP
|7 0
|p 17A1348630
|o snkSC 65835 D1
|i snkKSP 2441/86
|3 Rekatalogizácia
|0 0
|1 0
|4 0
|d 2022-06-28
|l 0
|r 2026-02-24 20:40:59
|w 2026-02-24
|